|
|
|
|
| LEADER |
00000nab a2200000 a 4500 |
| 001 |
vtls009453798 |
| 003 |
SK-MaSNL |
| 005 |
20260305035409.0 |
| 008 |
250507c2008 xo |r|p|||||||000 b|slo |
| 015 |
|
|
|a SNBRB2008/12
|2 snkbucl
|
| 035 |
|
|
|a (uuid)a6b9c9f2-958a-484f-80b8-1c17169ab71a
|
| 035 |
|
|
|a urn:nbn:sk:snk-abetvi
|
| 035 |
|
|
|a (urnnbn)urn:nbn:sk:snk:ar-000a18
|
| 038 |
|
|
|a SNKBUCL
|
| 040 |
|
|
|a SNKBUCL
|b slo
|c SNKBUCL
|e AACR2
|
| 041 |
0 |
|
|a slo
|
| 044 |
|
|
|a xo
|c SK
|
| 080 |
|
|
|a 14(38)
|x (048)
|2 2001
|
| 080 |
|
|
|a 1-051(38)
|x (048)
|2 2001
|
| 100 |
1 |
|
|a Drastich, Miloš,
|d 1951-2017
|4 aut
|9 234069
|
| 245 |
1 |
0 |
|a Herakleitos a súčasná fyzika
|c Miloš Drastich
|
| 600 |
0 |
7 |
|a Herakleitos z Efezu,
|d asi 540 pred Kr.-asi 480 pred Kr.
|2 snkbucl
|9 164473
|
| 650 |
0 |
7 |
|a filozofi
|2 snkbucl
|9 23475
|
| 650 |
0 |
7 |
|a klasická grécka filozofia
|2 snkbucl
|9 66922
|
| 650 |
0 |
7 |
|a monografie
|2 snkbucl
|9 256509
|
| 655 |
|
7 |
|a recenzie
|2 snkbucl
|9 21907
|
| 773 |
0 |
|
|t Slovenské pohľady
|g Roč. IV.+124., č. 10 (2008), s. 124-126
|x 1335-7786
|
| 787 |
0 |
8 |
|i Rec.:
|a Špaňár, Július, 1917-
|t Herakleitos z Efezu
|d Bratislava : Kalligram, 2007
|z 9788071499923
|
| 850 |
|
|
|a Slovenská národná knižnica
|
| 852 |
|
|
|a Slovenská národná knižnica
|
| 958 |
|
|
|a article27
|
| 958 |
|
|
|a IT
|
| 958 |
|
|
|a RC
|
| 958 |
|
|
|a OND
|
| 958 |
|
|
|a EUIPO
|
| 999 |
|
|
|c 3333620
|d 3335550
|